The brigand of the hills /

Bibliographic Details
Main Author: Gilson, Charles, 1878-
Format: Book
Language:English
Published: London : Newnes, [1933?]

MARC

Tag First Indicator Second Indicator Subfields
LEADER 00000cam a2200000 a 4500
001 in00000532575
005 20151013174007.0
008 840216s1933 enkaf 00011 eng d
035 |a (OCoLC)10424235 
035 |9 ACH4466AM 
040 |a CLU  |c CLU  |d TXA  |d UtOrBLW 
049 |a TXAM  |c [1635165] 
090 |a PR6013.I47  |b B7 1933 
100 1 |a Gilson, Charles,  |d 1878- 
245 1 4 |a The brigand of the hills /  |c by Charles Gilson. 
264 1 |a London :  |b Newnes,  |c [1933?] 
300 |a 254 pages, 1 unnumbered leaf of plates :  |b illustrations ;  |c 20 cm. 
336 |a text  |b txt  |2 rdacontent 
337 |a unmediated  |b n  |2 rdamedia 
338 |a volume  |b nc  |2 rdacarrier 
999 |a MARS 
999 f f |s 1a8a8b50-b79c-368f-9eb2-1bc5268d6df7  |i befd58e2-4696-3ae9-b988-18c7bd37e128  |t 0 
952 f f |p ric  |a Texas A&M University  |b Rellis Campus  |c Joint Library Facility  |d Remote Storage  |t 0  |e PR6013.I47 B7 1933  |h Library of Congress classification  |i unmediated -- volume  |m A14808813878 
998 f f |a PR6013.I47 B7 1933  |t 0  |l Remote Storage